<?xml version="1.0" encoding="UTF-8"?>
<marc:record xmlns:marc="http://www.loc.gov/MARC21/slim">
   <marc:leader>00000nam a2200000 a 4500</marc:leader>
   <marc:datafield ind1="1" ind2=" " tag="100">
      <marc:subfield code="a">Belitz, Bettina</marc:subfield>
      <marc:subfield code="4">aut</marc:subfield>
      <marc:subfield code="e">Verfasser/-in</marc:subfield>
   </marc:datafield>
   <marc:datafield ind1=" " ind2=" " tag="653">
      <marc:subfield code="a">Pferdeabenteuer</marc:subfield>
   </marc:datafield>
   <marc:datafield ind1="0" ind2="0" tag="245">
      <marc:subfield code="a">Rebellische Herzen</marc:subfield>
   </marc:datafield>
   <marc:datafield ind1=" " ind2="1" tag="264">
      <marc:subfield code="b">Franckh'sche Verlagshandl. </marc:subfield>
      <marc:subfield code="c">2018</marc:subfield>
   </marc:datafield>
   <marc:datafield ind1="1" ind2=" " tag="490">
      <marc:subfield code="a">Saphir</marc:subfield>
   </marc:datafield>
   <marc:datafield ind1="1" ind2=" " tag="520">
      <marc:subfield code="a">Roxy, ein ehemaliges Straßenkind, trifft auf den verstörten Hengst Saphir. Beide spüren eine tiefe Verbundenheit. Doc Saphir ist in Gefahr. Seine Besitzerung ist völlig überfordert und will ihn einschläfern lassen. Roxy setzt alle Hebel in Bewegung Saphir vor dem sicheren Tod zu bewahren. Dafür muss sie jedoch ihre tiefsten Ängste überwinden und sich ihren wahren Gefühlen stellen.</marc:subfield>
   </marc:datafield>
   <marc:datafield ind1=" " ind2=" " tag="020">
      <marc:subfield code="a">9783440159545</marc:subfield>
      <marc:subfield code="9">9783440159545</marc:subfield>
   </marc:datafield>
</marc:record>
